Leader xxxxxxxxxx
001 __ PCLIS00044404
005 __ 20220220135146.0
010 0_ |a978-986-185-477-9|b第1冊:平裝|dNT$250
010 0_ |a978-986-185-478-6|b第2冊:平裝|dNT$250
010 0_ |a978-986-185-493-9|b第3冊:平裝|dNT$250
010 0_ |a978-986-185-494-6|b第4冊:平裝|dNT$250
010 0_ |a978-986-185-501-1|b第5冊:平裝|dNT$250
010 0_ |a978-986-185-502-8|b第6冊:平裝|dNT$250
010 0_ |a978-986-185-512-7|b第7冊:平裝|dNT$250
010 0_ |a978-986-185-513-4|b第8冊:平裝|dNT$250
010 0_ |a978-986-185-524-0|b第9冊:平裝|dNT$250
010 0_ |a978-986-185-523-3|b第10冊:平裝|dNT$250
010 0_ |a978-986-185-531-8|b第11冊:平裝|dNT$250
010 0_ |a978-986-185-532-5|b第12冊:平裝|dNT$250
010 0_ |a978-986-185-539-4|b第13冊:平裝|dNT$250
010 0_ |a978-986-185-540-0|b第14冊:平裝|dNT$250
010 0_ |a978-986-185-547-9|b第15冊:平裝|dNT$250
010 0_ |a978-986-185-548-6|b第16冊:平裝|dNT$250
010 0_ |a978-986-185-555-4|b第17冊:平裝|dNT$250
010 0_ |a978-986-185-556-1|b第18冊:平裝|dNT$250
010 0_ |a978-986-185-567-7|b第19冊:平裝|dNT$250
010 0_ |a978-986-185-568-4|b第20冊:平裝|dNT$250
010 0_ |a978-986-185-578-3|b第21冊:平裝|dNT$250
010 0_ |a978-986-185-579-0|b第22冊:平裝|dNT$250
010 0_ |a978-986-185-591-2|b第23冊:平裝|dNT$250
010 0_ |a978-986-185-592-9|b第24冊:平裝|dNT$250
010 0_ |a978-986-185-605-6|b第25冊:平裝|dNT$250
010 0_ |a978-986-185-606-3|b第26冊:平裝|dNT$250
010 0_ |a978-986-185-613-1|b第27冊:平裝|dNT$250
100 __ |a20120410g20102011m y0chiy09 e
101 0_ |achi
102 __ |atw
105 __ |ay z 000ay
200 1_ |a步步生蓮|e|f月關著
205 |